The blessed hope and the tribulation : (Record no. 4881)
[ view plain ]
| 000 -LEADER | |
|---|---|
| fixed length control field | 00920pam a2200277 i 4500 |
| 001 - CONTROL NUMBER | |
| control field | 2706404 |
| 003 - CONTROL NUMBER IDENTIFIER | |
| control field | GBCCL |
| 005 - DATE AND TIME OF LATEST TRANSACTION | |
| control field | 20241126110529.0 |
| 008 - FIXED-LENGTH DATA ELEMENTS--GENERAL INFORMATION | |
| fixed length control field | 760420s1976 miu b 001 0 eng |
| 010 ## - | |
| -- | 76013467 |
| 040 ## - CATALOGING SOURCE | |
| Original cataloging agency | DLC |
| Transcribing agency | DLC |
| Modifying agency | DLC |
| 050 00 - | |
| -- | BT888 |
| -- | .W34 |
| 082 00 - DEWEY DECIMAL CLASSIFICATION NUMBER | |
| Classification number | 236.9 |
| Item number | WAL |
| 100 1# - MAIN ENTRY--PERSONAL NAME | |
| Personal name | Walvoord, John F. |
| 9 (RLIN) | 125 |
| 245 14 - TITLE STATEMENT | |
| Title | The blessed hope and the tribulation : |
| Remainder of title | a Biblical and historical study of posttribulationism / |
| Statement of responsibility, etc. | by John F. Walvoord. |
| 260 ## - PUBLICATION, DISTRIBUTION, ETC. | |
| Place of publication, distribution, etc. | Grand Rapids : |
| Name of publisher, distributor, etc. | Zondervan Pub. House, |
| Date of publication, distribution, etc. | c1976. |
| 300 ## - PHYSICAL DESCRIPTION | |
| Extent | 167, [9] p. ; |
| Dimensions | 21 cm. |
| 490 0# - SERIES STATEMENT | |
| Series statement | Contemporary evangelical perspectives |
| 500 ## - GENERAL NOTE | |
| General note | Includes indexes. |
| 504 ## - BIBLIOGRAPHY, ETC. NOTE | |
| Bibliography, etc. note | Bibliography: p. [1-5] |
| 650 #0 - SUBJECT ADDED ENTRY--TOPICAL TERM | |
| Topical term or geographic name entry element | Tribulation (Christian eschatology) |
| 9 (RLIN) | 2041 |
| 650 #0 - SUBJECT ADDED ENTRY--TOPICAL TERM | |
| Topical term or geographic name entry element | Rapture (Christian eschatology) |
| 9 (RLIN) | 1501 |
| 650 #0 - SUBJECT ADDED ENTRY--TOPICAL TERM | |
| Topical term or geographic name entry element | Second Advent. |
| 9 (RLIN) | 458 |
| 906 ## - LOCAL DATA ELEMENT F, LDF (RLIN) | |
| a | 7 |
| b | cbc |
| c | orignew |
| d | 1 |
| e | ocip |
| f | 19 |
| g | y-gencatlg |
| 942 ## - ADDED ENTRY ELEMENTS (KOHA) | |
| Source of classification or shelving scheme | Dewey Decimal Classification |
| Koha item type | Books |
| Koha issues (borrowed), all copies | 12 |
| Withdrawn status | Lost status | Source of classification or shelving scheme | Damaged status | Not for loan | Home library | Current Library | Shelving location | Date acquired | Total checkouts | Total renewals | Full call number | Barcode | Date last seen | Date last checked out | Copy number | Price effective from | Koha item type |
|---|---|---|---|---|---|---|---|---|---|---|---|---|---|---|---|---|---|
| Dewey Decimal Classification | GRACE BIBLE COLLEGE | GRACE BIBLE COLLEGE | Theology | 2018-02-12 | 12 | 1 | 236.9 WAL | 002904 | 2025-05-01 | 2024-02-01 | c.1 | 2018-02-12 | Books |